Wards of Richmond upon Thames, London (2002 - 2022) - Statistics

General Stats
  • This quiz has been taken 23 times
  • The average score is 6 of 18
Answer Stats
Answer % Correct
Barnes
82%
Kew
73%
Hampton
64%
Teddington
64%
East Sheen
55%
Hampton Wick
45%
Mortlake and Barnes Common
27%
North RIchmond
27%
South Richmond
27%
West Twickenham
27%
Whitton
27%
Hampton North
18%
Heathfield
18%
South Twickenham
18%
Fulwell and Hampton Hill
9%
Ham, Petersham and Richmond Riverside
9%
St Margarets and North Twickenham
9%
Twickenham Riverside
0%
No matching quizzes found
Score Distribution
Percent of People with Each Score
Percentile by Number Answered
Your Score History
You have not taken this quiz